000 00673nam a2200253Ia 4500
003 OSt
005 20221005031456.0
006 a|||||r|||| 00| 0
007 ta
008 221004b |||||||| |||| 00| 0 tam d
020 _c4.00
024 _a64741
037 _cTextual
040 _aCRL
_cCRL
_btam
041 _2tam
_atam
082 _aO31xM82, J8.2
100 _aPadmanaban Ra.A. Ed.
_9583780
245 0 _aBharathi Pudhaiyal
260 _aChennai
_bAmutha Nilayam Pvt.Ltd. India
_c1959
300 _a254p.
_ccm.
650 _aTAMIL LITERATURE
942 _hO31xM82, J8.2
_cTEXL
_2cc
999 _c937839
_d937839